| 000 | 01776 a2200301 4500 | ||
|---|---|---|---|
| 001 | 49343 | ||
| 005 | 20260407155757.0 | ||
| 008 | 260407a2012 arg spa d | ||
| 003 | AR-UNSa-BCEJYS | ||
| 040 |
_aAR-UNSa-BCEJYS _bspa _cAR-UNSa-BCEJYS |
||
| 080 |
_a347.736 _xQuiebra. Insolvencia. Suspensión de pagos. Bancarrota, procedimientos. Derecho Concursal |
||
| 245 | 1 | 0 |
_aLey de concursos y quiebras _pActualización Ley 26.684 |
| 020 | _a978-987-30-0290-8 | ||
| 250 | _a4a. ed. act. | ||
| 264 | 1 |
_aSanta Fe : _bRubinzal-Culzoni Editores _c2012 |
|
| 300 |
_a507 p. _c22 cm. |
||
| 505 | _a1. Requisitos del periodo de concurso preventivo - 2. Resolución de apertura - 3. EL nuevo régimen de pronto pago de los créditos laborales - 4. El régimen de interés en los créditos laborales en el concurso preventivo - 5. Plazo y mayoría para la obtención del acuerdo para acreedores quirografarios - 6. El nuevo régimen de salvataje - 7. Suspensión de intereses en la quiebra - 8. La cooperativa de trabajo oferente para contratar sobre bienes de la quiebra - 9. Nuevo régimen de continuación inmediata de la explotación - 10. Hipoteca y prenda en la continuación de la empresa - 11. Nuevos efectos de la quiebra sobre el contrato de trabajo - 12. El nuevo régimen de liquidación y distribución de bienes en la quiebra - 13. Régimen del nuevo comité de control. | ||
| 041 | _aspa | ||
| 942 | _cBK | ||
| 590 | _aniveau_biblio:m niveau_hierar:0 | ||
| 100 | 1 | _aRivera, Julio César | |
| 700 | 1 | _aRoitman, Horacio | |
| 700 | 1 | _aVítolo, Daniel Roque | |
| 700 | 1 | _aArgentina [Leyes, etc.] | |
| 650 | _aLEY 26.684 | ||
| 856 | 4 | 1 |
_uhttps://www.biblioeco.unsa.edu.ar/pmb/images/libros/L128025.jpg _yImagen de portada _qimage/jpeg |
| 650 | _a ley 26 684 | ||
| 999 |
_c4814 _d4814 |
||